| 000 | 00783cam a2200277 a 4500 | ||
|---|---|---|---|
| 001 | 25065 | ||
| 003 | BD-RjUL | ||
| 005 | 20211209050826.0 | ||
| 008 | 140316s1971 dcuabc 001 0 eng | ||
| 020 | _a0874911362 | ||
| 035 | _a(BD-RjUL)25134 | ||
| 035 | _a1013391 | ||
| 040 |
_aLC _beng _cLC _dLC _dBD-RjUL |
||
| 041 | _aeng | ||
| 082 | 0 | 0 |
_a951.9043 _bCHB |
| 100 | 1 |
_aChung Hee,Park, _d1917-1979. _977098 |
|
| 245 | 1 | 0 |
_aTo build a nation / _cby Park Chung Hee. |
| 260 |
_aWashington : _bAcropolis Books, _c1971. |
||
| 300 |
_a216 p. : _billus. (part col.), map, ports. ; _c24 cm. |
||
| 504 | _aIncludes index. | ||
| 651 | 0 |
_aKorea _xHistory. _977099 |
|
| 651 | 0 |
_aKorea (South) _xHistory _y1960-1988. _977100 |
|
| 942 |
_2ddc _cBK |
||
| 999 |
_c25065 _d25065 |
||